Molecular Thermodynamics

Uložené v:
Podrobná bibliografia
Hlavní autori: McQuarrie, Donald A. (Autor), Simon, John D. (Autor)
Médium: Kniha
Jazyk:English
Vydavateľské údaje: University Science Books, 1999
Vydanie:2. vyd.
Predmet:
Tagy: Pridať tag
Žiadne tagy, Buďte prvý, kto otaguje tento záznam!

MARC

LEADER 00000nam a22000003a 4500
001 stu284223
005 20150617230252.0
008 140217s1999------------------------eng-d
020 |a 1-891389-07-6 
040 |a STU  |b slo 
041 0 |a eng 
100 1 |a McQuarrie, Donald A.  |4 aut 
245 1 |a Molecular Thermodynamics 
250 |a 2. vyd. 
260 |b University Science Books,  |c 1999 
300 |a 510 s 
650 7 |a Termodynamika chemickoinžinierska  |2 stusub 
700 1 |a Simon, John D.  |4 aut 
996 |b 284J042051  |c J*116563  |l JJST  |s P  |a 0  |w stu284223_0001